| 000 | 00660nam a2200181Ia 4500 | ||
|---|---|---|---|
| 003 | GCL | ||
| 008 | 140319s9999 xx 000 0 ara d | ||
| 040 |
_aGCL / _cGCL |
||
| 082 | 0 | 4 |
_a809.9 _bم ف |
| 100 | 1 | _aميشال عاصى | |
| 245 | 1 | 0 |
_aالفن والادب : _bبحث جمالى فى الانواع والمدارس الادبية والفنية / _cميشال عاصى |
| 250 | _aالثانية | ||
| 260 |
_aبيروت : _bمنشورات المكتب التجارى للطباعة والتوزيع ، _c1970 |
||
| 300 |
_a223 ص ؛ _c24 سم |
||
| 650 | 0 | 4 | _aالفن والادب |
| 650 | 0 | 4 | _aالادب - تاريخ ونقد |
| 942 |
_2ddc _cBK |
||
| 999 |
_c5314 _d5314 |
||